| 000 | 01092 a2200265 4500 | ||
|---|---|---|---|
| 003 | NUST | ||
| 005 | 20230120181133.0 | ||
| 010 | _a 84026451 | ||
| 020 | _a0517552779 : | ||
| 040 | _cNust | ||
| 082 | 0 | 0 | _a745.0978,EMM |
| 100 | 1 |
_aEmmerling, Mary Ellisor. _9107289 |
|
| 245 | 1 | 0 |
_aMary Emmerling's American country West / _cPhotographs by Michael Skott ; design by Richard Trask ; text by Carol Sama Sheehan. |
| 250 | _a1st ed. | ||
| 260 |
_aNew York : _bC.N. Potter : _bDistributed by Crown, _cc1985. |
||
| 300 |
_a278 p. : _bcol. ill. ; _c26 x 26 cm. |
||
| 505 | _aIntroduction (Page-1), This is American Country West (Page-5), Home of the West (Page-37), West in the East (Page-173), Cowboy and Indian Crafts (Page-197), Western Heritage (Page-233). | ||
| 650 | 0 |
_aCountry furniture _zWest (U.S.) _9107290 |
|
| 650 | 0 |
_aDecoration and ornament, Rustic _zWest (U.S.) _9107291 |
|
| 650 | 0 |
_aFolk art _zWest (U.S.) _9107292 |
|
| 650 | 0 |
_aIndian art _zWest (U.S.) _9107293 |
|
| 700 | 1 |
_aSheehan, Carol Sama. _9107294 |
|
| 740 | 0 | _aAmerican country West. | |
| 942 |
_2ddc _cBK _k745.0978,EMM |
||
| 999 |
_c185236 _d185236 |
||